000 00657nam a2200181 a 4500
005 20140412111410.0
008 070216s19uu xx 00 eng d
020 _a0-671-87284-2
050 _aTR(PS E
_bPr93 1994
100 _aLewison, Wendy Cheyette
245 _aThe princess and the potty /
_cWendy Cheyette Lewison.
260 _aNew york :
_bAladdin paperbacks,
_c1994.
440 _aStories to go!
520 _aWhen everything fails to persuade the princess to use her potty, the king and queen consult the royal advisor who gives them valuable advice
650 _aToilet training - fiction
650 _aPrincess - fiction
999 _c105656
_d105656